00661 2200241 4500001002100000005001700021020002200038035002500060040001200085082001300097084002300110090002300133100002200156245005100178250001800229260003300247300003200280504002600312650002500338850001200363990002200375990002200397YOGYA00000000009909920141217083123.0 a978-979-756-887-0 a0010-031400000000007 aYOPDYOG a384.5522 aDEP 384.5522 Cip T aDEP 384.5522 Cip T aCIPTONO SETYOBUDI aTeknologi broadcasting TVc/ Ciptono Setyobudi aEd. 2, cet. 1 aYogyakartabGraha ilmuc2012 aix, 111 hlm.bilus.c26 cm. aBibliografi : hlm.107 aTelevisi - Penyiaran aYOPDYOG aCB-D.11-2012-1854 aCB-D.11-2012-1855